书目信息 |
| 题名: |
学校没有教的事
|
|
| 作者: | 林伟贤 著 | |
| 分册: | ||
| 出版信息: | 上海 上海世界图书出版公司 2002 |
|
| 页数: | 258页 | |
| 开本: | 21cm | |
| 丛书名: | ||
| 单 册: | ||
| 中图分类: | G795 | |
| 科图分类: | ||
| 主题词: | 能力培养--通俗读物 , 能力培养 , 教育--类型 | |
| 电子资源: | ||
| ISBN: | 7-5062-5402-6 | |
| 000 | 00864nam0 2200253 450 | |
| 001 | 1262835933 | |
| 005 | 20121006172818.18 | |
| 010 | @a7-5062-5402-6@dCNY22.00 | |
| 100 | @a20020522d2002 em y0chiy0110 ea | |
| 101 | 0 | @achi |
| 102 | @aCN@b310000 | |
| 105 | @aa z 000yy | |
| 200 | 1 | @a学校没有教的事@Axue xiao mei you jiao de shi@f林伟贤著 |
| 210 | @a上海@c上海世界图书出版公司@d2002 | |
| 215 | @a258页@c图@d21cm@e光盘1片 | |
| 307 | @a附光盘:ISBN 7-88742-358-9 | |
| 330 | @a本书综合21项行动方案及12条赚钱法则,为初出校门的求职者提供更多预先了解的社会脉动,为刚刚转业的在职者提供更多自我提升的充电能量,为叱咤风云的精英们提供更多优势团队的成功基础。 | |
| 606 | 0 | @a能力培养@j通俗读物 |
| 606 | 0 | @a能力培养 |
| 606 | 0 | @a教育@x类型 |
| 690 | @aG795@v4 | |
| 701 | 0 | @a林伟贤@Alin wei xian@4著 |
| 801 | 0 | @aCN@bNLC@c20101222 |
| 905 | @a10447@dG795@eJY62 | |
| 学校没有教的事/林伟贤著.-上海:上海世界图书出版公司,2002 |
| 258页:图;21cm+光盘1片 |
| ISBN 7-5062-5402-6:CNY22.00 |
| 本书综合21项行动方案及12条赚钱法则,为初出校门的求职者提供更多预先了解的社会脉动,为刚刚转业的在职者提供更多自我提升的充电能量,为叱咤风云的精英们提供更多优势团队的成功基础。 |
| ● |
| 相关链接 |
|
|
|
|
正题名:学校没有教的事
索取号:G795/JY62
 
预约/预借
| 序号 | 登录号 | 条形码 | 馆藏地/架位号 | 状态 | 备注 |
| 1 | 7828091 | 278280913 | 学院路分馆/ [索取号:G795/JY62] | 在馆 | |
| 2 | 7828092 | 278280922 | 学院路分馆/ [索取号:G795/JY62] | 在馆 | |
| 3 | 7828093 | 278280931 | 学院路分馆/ [索取号:G795/JY62] | 在馆 | |
| 4 | 7828094 | 278280940 | 学院路分馆/ [索取号:G795/JY62] | 在馆 |